Theory of Machines. (Record no. 1305)

MARC details
000 -LEADER
Fixed length control field 00432nam a2200169 4500
003 - CONTROL NUMBER IDENTIFIER
Control field SEACOMEC
005 - DATE AND TIME OF LATEST TRANSACTION
Control field 20240607141758.0
008 - FIXED-LENGTH DATA ELEMENTS--GENERAL INFORMATION
Fixed length control field 240607b |||||||| |||| 00| 0 eng d
020 ## - INTERNATIONAL STANDARD BOOK NUMBER / ISBN
Price Rs.170.00
040 ## - CATALOGING SOURCE
Original cataloging agency SEACOMEC
082 ## - DEWEY DECIMAL CLASSIFICATION NUMBER
Classification number 621.8
Book Number S525
100 ## - MAIN ENTRY--PERSONAL NAME
Personal name Shah, J.M
245 1# - TITLE STATEMENT
Title Theory of Machines.
Statement of responsibility J.M Shah, and H.M. Jadvfani.
260 ## - IMPRINT
Place of publication Delhi
Name of publisher Dhanpat Rai & Sons
Date of publication 1982
650 ## - SUBJECT ADDED ENTRY--TOPICAL TERM
Topical term Mechanical Science
942 ## - ADDED ENTRY ELEMENTS (KOHA)
Koha item type Books
Holdings
Withdrawn status Lost status Source of classification Damaged status Not for loan Home library Current library Date acquired Total Checkouts Call number Accession number Date last seen Price effective from Koha item type Copy number
    Dewey Decimal Classification     SEACOM ENGINEERING COLLEGE SEACOM ENGINEERING COLLEGE 22/02/2008   621.8 S525 9828 07/06/2024 07/06/2024 Books  
    Dewey Decimal Classification     SEACOM ENGINEERING COLLEGE SEACOM ENGINEERING COLLEGE 22/02/2008   621.8 S525 9829 07/06/2024 07/06/2024 Books 1
    Dewey Decimal Classification     SEACOM ENGINEERING COLLEGE SEACOM ENGINEERING COLLEGE 22/02/2008   621.8 S525 9830 07/06/2024 07/06/2024 Books 2
    Dewey Decimal Classification     SEACOM ENGINEERING COLLEGE SEACOM ENGINEERING COLLEGE 22/02/2008   621.8 S525 9831 07/06/2024 07/06/2024 Books 3
    Dewey Decimal Classification     SEACOM ENGINEERING COLLEGE SEACOM ENGINEERING COLLEGE 22/02/2008   621.8 S525 9832 07/06/2024 07/06/2024 Books 4
© Seacom Engineering College, All rights reserved.      Powered by Koha